Vampire Diaries Quotes Quiz. - Statistics

General Stats
  • This quiz has been taken 6,394 times
  • The average score is 13 of 15
Answer Stats
Hint Answer % Correct
"Your hair is different. I like it." Damon Salvatore
99%
"Caroline you and me is not going to happen." Stefan Salvatore
96%
"It's natural to feel abandoned, I just don't want you to feel alone." Carol Lockwood
95%
"You got Tannered. Been there." Elena Gilbert
94%
"Wow Vicki Donovan says no. That's a first." Tyler Lockwood
94%
"I got the other brother I hope you don't mind." Caroline Forbes
92%
"Ugh who is this guy? Safari Sam?" Niklaus 'Klaus' Mikaelson
92%
"It's okay Mr. Tanner. I'm good." Matt Donovan
89%
"He has a romance novel sticker." Bonnie Bennett
88%
"You have my word that I will pardon you." Elijah Mikaelson
85%
"That sounds like the start of a love story Stefan, not the end of one." Katherine Pierce
83%
"You look like a full-grown alpha male douchebag." Alaric Saltzman
82%
"Tick Tock goes the gym clock." Rebekah 'Bekah' Mikaelson
74%
"Iv'e become my worste nightmare. The authority figure." Jenna Sommers
72%
"I miss you too friend." Alexia 'Lexi' Branson
55%
No matching quizzes found
Score Distribution
Percent of People with Each Score
Percentile by Number Answered
Your Score History
You have not taken this quiz